Ekonomická podstata a právní forma hospodářských transakcí

Budúcnosť účtovnej legislatívy v Európskej únii. Repo operácie alebo predaj so spätným nákupom a ich zaúčtovanie. Príklad na repo operáciu.

Salvato in:
Dettagli Bibliografici
Autore principale: Kříž, P.
Natura: Capitolo di libro
Lingua:ceco
Soggetti:
Tags: Aggiungi Tag
Nessun Tag, puoi essere il primo ad aggiungerne!!

MARC

LEADER 00000naa a2200000 4500
001 r026393
005 20230913081045.7
041 0 |a cze 
044 |a CZ 
245 1 0 |a Ekonomická podstata a právní forma hospodářských transakcí  |c P. Kříž 
520 |a Budúcnosť účtovnej legislatívy v Európskej únii. Repo operácie alebo predaj so spätným nákupom a ich zaúčtovanie. Príklad na repo operáciu. 
610 2 0 |a účtovníctvo 
610 2 0 |a legislatíva 
610 2 0 |a Európska únia 
610 2 0 |a repo obchody 
100 1 |a Kříž, P.